[Event "Rated Blitz game"]
[Site "?"]
[Date "2021.11.15"]
[Round "?"]
[White "ianina"]
[Black "Tamrik2"]
[Result "0-1"]
[WhiteElo "2474"]
[BlackElo "2445"]
[PlyCount "134"]
[EventDate "2021.??.??"]
[EventType "blitz"]

1. e4 e5 2. Nf3 d5 3. d3 Nf6 4. Nbd2 Nc6 5. Be2 Bg4 6. O-O Be7 7. c3 O-O 8. b4
a6 9. a3 h6 10. Qc2 Re8 11. Re1 Qd7 12. Nf1 Rad8 13. Bb2 Nh5 14. Ne3 Nf4 15.
Nxg4 Qxg4 16. Bf1 Bf6 17. exd5 Rxd5 18. c4 Rxd3 19. Re3 Red8 20. Rxd3 Rxd3 21.
Ne1 Rd8 22. g3 Nd4 23. Bxd4 exd4 24. Nd3 Nh3+ 25. Kg2 Ng5 26. Qe2 Qe4+ 27. Qxe4
Nxe4 28. Be2 Nd2 29. Rc1 Re8 30. Bf3 c6 31. Rc2 Nxf3 32. Kxf3 Kf8 33. Re2 b6
34. Rxe8+ Kxe8 35. Ke4 Kd7 36. Ne1 Kd6 37. Nc2 c5 38. f4 g6 39. g4 Be7 40. Ne1
Kc6 41. Nd3 Kd6 42. Nb2 Ke6 43. b5 a5 44. Nd3 Bd8 45. h3 f5+ 46. Kf3 Bf6 47.
Ne1 Be7 48. Nd3 Bd6 49. Ne1 Kf6 50. Nd3 g5 51. Ne1 Bxf4 52. gxf5 Kxf5 53. Nd3
Bc7 54. Nf2 h5 55. Nd3 g4+ 56. hxg4+ hxg4+ 57. Kg2 Ke4 58. Nf2+ Ke3 59. Nxg4+
Kd3 60. Nf6 Kxc4 61. a4 Kb4 62. Nd5+ Kxa4 63. Nxc7 c4 64. Kf3 c3 65. Ke2 Kb3
66. Nd5 c2 67. Kd2 Kb2 {Normal} 0-1

[Event "Rated Blitz game"]
[Site "?"]
[Date "2021.11.15"]
[Round "?"]
[White "Bruto130199"]
[Black "Porgy"]
[Result "0-1"]
[WhiteElo "2386"]
[BlackElo "2411"]
[PlyCount "86"]
[EventDate "2021.??.??"]
[EventType "blitz"]

1. e4 e5 2. Nf3 d5 3. exd5 Bd6 4. d4 e4 5. Ne5 Nf6 6. Bg5 O-O 7. Bc4 Nbd7 8.
Nxd7 Bxd7 9. O-O Re8 10. c3 h6 11. Bh4 b5 12. Bb3 a5 13. Nd2 a4 14. Bc2 Bf5 15.
Re1 g5 16. Bg3 a3 17. b3 Nxd5 18. Bxe4 Nxc3 19. Qc2 Nxe4 20. Nxe4 Bb4 21. Re3
Qxd4 22. Rd1 Bxe4 23. Rxd4 Bxc2 24. Rxb4 Rxe3 25. fxe3 c6 26. Rd4 Bxb3 27. Rd2
Bd5 28. Kf2 f5 29. Be5 b4 30. Bd6 b3 31. axb3 a2 32. Be5 a1=Q 33. Bxa1 Rxa1 34.
b4 Rb1 35. Rd4 Kf7 36. h3 Rb2+ 37. Ke1 Ke6 38. g4 Ke5 39. Kd1 f4 40. Rd2 Rxd2+
41. Kxd2 f3 42. Ke1 Ke4 43. Kf2 Bc4 {Normal} 0-1

[Event "Rated Blitz game"]
[Site "?"]
[Date "2021.11.15"]
[Round "?"]
[White "jbTraining"]
[Black "Fletov"]
[Result "1-0"]
[WhiteElo "2445"]
[BlackElo "2378"]
[PlyCount "65"]
[EventDate "2021.??.??"]
[EventType "blitz"]

1. e4 e5 2. Nf3 d5 3. Nxe5 dxe4 4. d4 Bd6 5. Bf4 Nf6 6. Nc3 O-O 7. Qd2 a6 8.
O-O-O b5 9. Kb1 b4 10. Ne2 a5 11. h4 Be6 12. h5 h6 13. Ng3 Bxe5 14. Bxe5 Nbd7
15. Bf4 Nd5 16. Nxe4 Nxf4 17. Qxf4 f5 18. Ng3 Nb6 19. Qe5 Qd5 20. Qxd5 Bxd5 21.
Ne2 f4 22. f3 a4 23. Rh4 b3 24. cxb3 axb3 25. a3 Bc4 26. Nxf4 Bxf1 27. Rxf1
Rae8 28. Ng6 Rf5 29. Rd1 Nd5 30. Re4 Rb8 31. Re5 Rxe5 32. dxe5 Nf4 33. Nxf4 {
Normal} 1-0

[Event "Rated Blitz game"]
[Site "?"]
[Date "2021.11.15"]
[Round "?"]
[White "mafiiiya"]
[Black "Futuregm03pro"]
[Result "0-1"]
[WhiteElo "2628"]
[BlackElo "2649"]
[PlyCount "170"]
[EventDate "2021.??.??"]
[EventType "blitz"]

1. e4 e5 2. Nf3 d5 3. exd5 e4 4. Qe2 Qe7 5. Nd4 Nf6 6. Nc3 Nbd7 7. d3 exd3 8.
Qxe7+ Bxe7 9. Bxd3 Nb6 10. Ndb5 Nfxd5 11. Nxd5 Nxd5 12. Bc4 a6 13. Bxd5 axb5
14. O-O O-O 15. Re1 Bf6 16. c3 c6 17. Bb3 Rd8 18. Be3 Bf5 19. Rad1 g6 20. a3
Kg7 21. Bb6 Rxd1 22. Rxd1 Re8 23. Kf1 Re7 24. f3 Rd7 25. Ke2 Rxd1 26. Kxd1 Be5
27. g3 h5 28. Ke2 g5 29. Ke3 f6 30. Bd4 Bd6 31. Bb6 h4 32. f4 gxf4+ 33. gxf4
Kg6 34. a4 bxa4 35. Bxa4 Kh5 36. Bd1+ Bg4 37. Bc2 Be6 38. Bd1+ Kg6 39. b4 Bf5
40. Bf3 h3 41. Bc5 Bxc5+ 42. bxc5 Kf7 43. Kd4 Ke6 44. Bh5 Bh7 45. Bg4+ Bf5 46.
Bh5 Ke7 47. Be2 Ke6 48. Bc4+ Ke7 49. Bg8 Be6 50. Bh7 Bg4 51. Be4 Bc8 52. Ke3
Kf7 53. Kf3 Bd7 54. Kg3 Ke7 55. Bg6 Kd8 56. Bh5 Kc7 57. Bg4 Be8 58. Bxh3 b6 59.
cxb6+ Kxb6 60. Be6 Kc5 61. h4 Kd6 62. Bc4 Bh5 63. Bg8 Kc5 64. Bb3 Kd6 65. f5
Ke5 66. Be6 c5 67. Kf2 Ke4 68. c4 Kf4 69. Ke1 Ke4 70. Kd2 Kd4 71. Ke1 Bg4 72.
Kf1 Bh5 73. Kf2 Bg4 74. Kg3 Bh5 75. Kf4 Be8 76. Bg8 Bh5 77. Bd5 Bd1 78. Bf3 Bc2
79. h5 Bd1 80. h6 Kc3 81. h7 Kd2 82. h8=Q Bxf3 83. Qxf6 Be2 84. Qe6 Bd3 85. Qd6
Kc2 {Time forfeit} 0-1

[Event "Rated Blitz game"]
[Site "?"]
[Date "2021.11.15"]
[Round "?"]
[White "puzzle_boi"]
[Black "Roberto_Baggio1978"]
[Result "0-1"]
[WhiteElo "2449"]
[BlackElo "2549"]
[PlyCount "64"]
[EventDate "2021.??.??"]
[EventType "blitz"]

1. e4 e5 2. Nf3 d5 3. Nxe5 Bd6 4. d4 dxe4 5. Bc4 Bxe5 6. Qh5 Qe7 7. Qxe5 Qxe5
8. dxe5 Nc6 9. Bf4 Nge7 10. Nc3 Ng6 11. Bg3 Ngxe5 12. Bb3 Bf5 13. O-O-O O-O 14.
Rhe1 Rad8 15. Rxd8 Rxd8 16. Nxe4 Kf8 17. Ng5 f6 18. Ne6+ Bxe6 19. Bxe6 Re8 20.
Bf5 Nd3+ 21. Bxd3 Rxe1+ 22. Kd2 Ra1 23. a3 Ne5 24. Bxh7 Rb1 25. b3 c5 26. Be4
b5 27. Bxe5 fxe5 28. h3 Ra1 29. a4 bxa4 30. bxa4 Rxa4 31. f3 Rb4 32. Kc3 a5 {
Normal} 0-1

[Event "Rated Blitz game"]
[Site "?"]
[Date "2021.11.15"]
[Round "?"]
[White "yundi_depok"]
[Black "Barruch"]
[Result "0-1"]
[WhiteElo "2344"]
[BlackElo "2433"]
[PlyCount "80"]
[EventDate "2021.??.??"]
[EventType "blitz"]

1. e4 e5 2. Nf3 d5 3. exd5 Bd6 4. d3 Nf6 5. Be2 Nxd5 6. O-O O-O 7. c4 Nf6 8.
Nc3 c6 9. Ne4 Nxe4 10. dxe4 Be6 11. Be3 Qc7 12. c5 Be7 13. Qc2 Nd7 14. b4 Nf6
15. a3 Rfd8 16. h3 h6 17. Qc3 Nxe4 18. Qxe5 Qxe5 19. Nxe5 Nc3 20. Bf3 Bf6 21.
Bf4 Nd5 22. Bg3 a5 23. Bxd5 Rxd5 24. f4 Rd2 25. Rab1 axb4 26. axb4 Ra3 27. Bf2
Bd5 28. Rbd1 Raa2 29. Rxd2 Rxd2 30. Rb1 g5 31. Ng4 Bg7 32. fxg5 hxg5 33. b5 f5
34. Ne3 Be4 35. Rb4 Bd4 36. Nf1 Bxf2+ 37. Kh2 Rd1 38. bxc6 Bxc6 39. Ng3 Bg1+
40. Kh1 Bxc5+ {Normal} 0-1

[Event "Rated Blitz game"]
[Site "?"]
[Date "2021.11.15"]
[Round "?"]
[White "mafiiiya"]
[Black "Futuregm03pro"]
[Result "0-1"]
[WhiteElo "2613"]
[BlackElo "2671"]
[PlyCount "152"]
[EventDate "2021.??.??"]
[EventType "blitz"]

1. e4 e5 2. Nf3 d5 3. exd5 e4 4. Qe2 Qe7 5. Nd4 Nf6 6. Nc3 Nbd7 7. Nf5 Qe5 8.
Ng3 Nc5 9. d3 Nxd5 10. Nxd5 Qxd5 11. Nxe4 Be6 12. Bd2 O-O-O 13. Bc3 f6 14. h4
Bf5 15. f3 Ne6 16. g4 Bg6 17. h5 Bf7 18. Qd2 f5 19. Ng5 Nxg5 20. Qxg5 Qxf3 21.
Qxf5+ Qxf5 22. gxf5 Re8+ 23. Kd2 Be7 24. Bxg7 Rhg8 25. h6 Bd5 26. Rg1 Bf6 27.
Bh3 Rxg7 28. hxg7 Rg8 29. c3 Kd8 30. Rae1 Rxg7 31. Rxg7 Bxg7 32. Rg1 Bf6 33. b3
Ke7 34. d4 b6 35. Kd3 Bf7 36. Re1+ Kd6 37. Bg2 h5 38. Rh1 h4 39. Re1 Bg5 40.
Bh3 Bf6 41. c4 c5 42. d5 Be5 43. Bg4 Bf6 44. Ke4 Be5 45. Kf3 Bf6 46. Kf4 Bc3
47. Re2 Bf6 48. Bf3 Bd8 49. Rg2 Bf6 50. Rg4 Kd7 51. Bg2 Kd6 52. Rg6 Bxg6 53.
fxg6 Bg7 54. Kf5 h3 55. Bxh3 Bc3 56. Kg5 Bg7 57. Kh5 a6 58. Kg5 b5 59. Bg2 b4
60. Bf3 a5 61. Kf5 Be5 62. Kg5 Bg7 63. Kh5 Ke5 64. Bg4 Kd6 65. Be6 Ke5 66. Kg5
Kd6 67. Kh5 Be5 68. Kg4 Bg7 69. Kf3 Ke5 70. Ke3 Kd6 71. Kd3 Ke7 72. Kc2 Kf6 73.
Kb1 Ke7 74. a3 Kd6 75. axb4 a4 76. Ka2 a3 {Time forfeit} 0-1

[Event "Rated Blitz game"]
[Site "?"]
[Date "2021.11.15"]
[Round "?"]
[White "dislikecheetahs"]
[Black "Fletov"]
[Result "0-1"]
[WhiteElo "2419"]
[BlackElo "2335"]
[PlyCount "62"]
[EventDate "2021.??.??"]
[EventType "blitz"]

1. e4 e5 2. Nf3 d5 3. d4 dxe4 4. Nxe5 Bd6 5. Nc4 Be7 6. Nc3 Nf6 7. Bg5 Bf5 8.
Be2 O-O 9. O-O Bg6 10. Ne5 Bf5 11. f3 e3 12. Bxe3 c5 13. dxc5 Qc7 14. Nd3 Nc6
15. a3 a6 16. b4 Rad8 17. Qc1 Rfe8 18. Bf4 Qc8 19. Re1 Nh5 20. Bd2 Nd4 21. Bf1
Bh4 22. Rxe8+ Rxe8 23. Be3 Rxe3 24. Qxe3 Nxc2 25. Qc1 Nxa1 26. Qxa1 Qd7 27. Qd1
Qd4+ 28. Kh1 Qxc3 29. Nf4 Nxf4 30. g3 Bc2 31. Qd7 Qxf3+ {Normal} 0-1

[Event "Rated Blitz game"]
[Site "?"]
[Date "2021.11.15"]
[Round "?"]
[White "yundi_depok"]
[Black "DOOGE228"]
[Result "1-0"]
[WhiteElo "2334"]
[BlackElo "2419"]
[PlyCount "39"]
[EventDate "2021.??.??"]
[EventType "blitz"]

1. e4 e5 2. Nf3 d5 3. exd5 e4 4. Nd4 Qxd5 5. Nb3 Nf6 6. Nc3 Qf5 7. Be2 Qg6 8.
d4 Qxg2 9. Rf1 Qxh2 10. Bg5 Bh3 11. Bxf6 gxf6 12. Nxe4 Nd7 13. Nbc5 O-O-O 14.
Nxd7 Rxd7 15. Nxf6 Bxf1 16. Nxd7 Bxe2 17. Nb6+ axb6 18. Qxe2 Qh1+ 19. Kd2 Qxa1
20. Qe8# {Normal} 1-0

[Event "Rated Blitz game"]
[Site "?"]
[Date "2021.11.15"]
[Round "?"]
[White "Marc400"]
[Black "Futuregm03pro"]
[Result "0-1"]
[WhiteElo "2573"]
[BlackElo "2685"]
[PlyCount "148"]
[EventDate "2021.??.??"]
[EventType "blitz"]

1. e4 e5 2. Nf3 d5 3. exd5 e4 4. Qe2 Qe7 5. Nd4 Nf6 6. Nc3 Nbd7 7. d3 exd3 8.
Qxe7+ Bxe7 9. Bxd3 Nb6 10. Ndb5 Nfxd5 11. Nxd5 Nxd5 12. c4 Nb4 13. Be4 Na6 14.
O-O c6 15. Nc3 Be6 16. b3 Nc5 17. Bf3 Bf6 18. Be3 Bxc3 19. Bxc5 Bxa1 20. Rxa1
O-O-O 21. Bxa7 Rd3 22. Be4 Rd7 23. Bb6 Re8 24. Bf3 Bf5 25. h3 Rd3 26. Kh2 Kd7
27. b4 Be4 28. Be2 Rd2 29. Bf1 f5 30. a4 g6 31. a5 Bd3 32. Be3 Rxe3 33. fxe3
Bxf1 34. Rxf1 Rb2 35. e4 Rxb4 36. exf5 gxf5 37. Rxf5 Rxc4 38. Rf7+ Kc8 39. Rxh7
c5 40. Rh5 Kc7 41. g4 Rc2+ 42. Kg3 Kc6 43. g5 c4 44. g6 Rc1 45. Rh4 Rg1+ 46.
Kf2 Rxg6 47. Rxc4+ Kb5 48. Rc7 Ka6 49. h4 Rg4 50. h5 Rh4 51. Rc5 Rh3 52. Kg2
Rh4 53. Kg3 Rh1 54. Kg4 Rg1+ 55. Kf5 Rf1+ 56. Kg6 Rg1+ 57. Rg5 Rd1 58. h6 Rd6+
59. Kg7 Rd7+ 60. Kf8 Rd8+ 61. Ke7 Rh8 62. Rh5 b5 63. axb6 Rh7+ 64. Kf6 Kxb6 65.
Kg6 Rc7 66. h7 Rc6+ 67. Kg7 Rc7+ 68. Kf6 Rc6+ 69. Ke5 Rc5+ 70. Kd4 Rxh5 71. Ke4
Rxh7 72. Kf4 Rc7 73. Ke4 Rc5 74. Kd4 Kb5 {Time forfeit} 0-1

[Event "Rated Rapid game"]
[Site "?"]
[Date "2021.11.15"]
[Round "?"]
[White "mmario119"]
[Black "Newton_54"]
[Result "1/2-1/2"]
[WhiteElo "2451"]
[BlackElo "2388"]
[PlyCount "51"]
[EventDate "2021.??.??"]
[EventType "rapid"]

1. e4 e5 2. Nf3 d5 3. Nxe5 Bd6 4. d4 dxe4 5. Nc3 Bxe5 6. dxe5 Qxd1+ 7. Nxd1 Nc6
8. Bf4 Bg4 9. Ne3 Bh5 10. Bb5 O-O-O 11. Bxc6 bxc6 12. g4 Bg6 13. h4 f6 14. Ke2
Ne7 15. c4 Bf7 16. b3 Ng6 17. Bg3 fxe5 18. Nf5 Nf4+ 19. Ke3 g6 20. Nh6 Rhe8 21.
Nxf7 Rd3+ 22. Kxe4 Rd4+ 23. Kf3 Rd3+ 24. Ke4 Rd4+ 25. Ke3 Rd3+ 26. Ke4 {Normal}
1/2-1/2

[Event "Rated Blitz game"]
[Site "?"]
[Date "2021.11.15"]
[Round "?"]
[White "pollovsky"]
[Black "Konevoyazher"]
[Result "1-0"]
[WhiteElo "2419"]
[BlackElo "2267"]
[PlyCount "81"]
[EventDate "2021.??.??"]
[EventType "blitz"]

1. e4 e5 2. Nf3 d5 3. d3 dxe4 4. dxe4 Qxd1+ 5. Kxd1 Bg4 6. Be3 Nc6 7. Kc1 O-O-O
8. Nfd2 f5 9. f3 f4 10. Bf2 Be6 11. Bc4 Bxc4 12. Nxc4 Nf6 13. c3 a6 14. a4 Be7
15. Kc2 g5 16. Nbd2 g4 17. b4 b6 18. b5 axb5 19. axb5 Nb8 20. Nxe5 gxf3 21.
gxf3 Rhg8 22. Rhg1 Nfd7 23. Nd3 Bd6 24. Nc4 Rdf8 25. Rad1 Bc5 26. Bxc5 Nxc5 27.
Nxc5 bxc5 28. b6 cxb6 29. Nxb6+ Kb7 30. Nc4 Nc6 31. Nb2 Ne5 32. Rgf1 Rg2+ 33.
Kb3 Rxh2 34. Rd5 Re8 35. Nc4 Nxc4 36. Kxc4 Rc8 37. Rb1+ Ka6 38. Rd6+ Ka7 39.
Rf6 Rh4 40. Rb5 h5 41. Rf7+ {Time forfeit} 1-0

[Event "Rated Blitz game"]
[Site "?"]
[Date "2021.11.15"]
[Round "?"]
[White "Nikitin22"]
[Black "ApostolStankov"]
[Result "0-1"]
[WhiteElo "2420"]
[BlackElo "2489"]
[PlyCount "62"]
[EventDate "2021.??.??"]
[EventType "blitz"]

1. e4 e5 2. Nf3 d5 3. d4 exd4 4. Qxd4 Nf6 5. Bg5 Be7 6. Bxf6 Bxf6 7. e5 Be7 8.
Nc3 Be6 9. O-O-O c6 10. Kb1 O-O 11. Qd2 Nd7 12. Bd3 b5 13. h3 Nb6 14. Nd4 Qd7
15. f4 Nc4 16. Qe2 b4 17. Ne4 Na3+ 18. bxa3 dxe4 19. Qxe4 g6 20. Nxe6 Qxe6 21.
Bc4 Qc8 22. a4 Kh8 23. g4 f5 24. gxf5 Qxf5 25. Qxf5 Rxf5 26. Rd7 Bc5 27. Rf1
Raf8 28. e6 Rxf4 29. Rxf4 Rxf4 30. Bb3 Rf8 31. Rc7 Bd4 {Time forfeit} 0-1

[Event "Rated Blitz game"]
[Site "?"]
[Date "2021.11.15"]
[Round "?"]
[White "Jugadordebil"]
[Black "Konevoyazher"]
[Result "1-0"]
[WhiteElo "2431"]
[BlackElo "2331"]
[PlyCount "21"]
[EventDate "2021.??.??"]
[EventType "blitz"]

1. e4 e5 2. Nf3 d5 3. Nxe5 dxe4 4. d4 exd3 5. Bxd3 Bd6 6. Qe2 Qe7 7. Bf4 f6 8.
Qh5+ g6 9. Bxg6+ hxg6 10. Qxh8 Kf8 11. Bh6+ {Normal} 1-0

[Event "Rated Blitz game"]
[Site "?"]
[Date "2021.11.15"]
[Round "?"]
[White "mafiiiya"]
[Black "Futuregm03pro"]
[Result "0-1"]
[WhiteElo "2600"]
[BlackElo "2690"]
[PlyCount "114"]
[EventDate "2021.??.??"]
[EventType "blitz"]

1. e4 e5 2. Nf3 d5 3. exd5 e4 4. Qe2 Qe7 5. Nd4 Nf6 6. Nc3 Nbd7 7. Nf5 Qe5 8.
Ng3 Bb4 9. Ngxe4 O-O 10. Nxf6+ Qxf6 11. Qc4 Bc5 12. Ne4 Re8 13. f3 Bb6 14. Be2
Qh4+ 15. g3 Qh3 16. d4 Qg2 17. Rf1 Qxh2 18. Bf4 Ba5+ 19. c3 a6 20. O-O-O Nb6
21. Qd3 Nxd5 22. Rh1 Nxf4 23. Rxh2 Nxd3+ 24. Bxd3 h6 25. g4 Be6 26. Kc2 f6 27.
Re2 Bb6 28. Rde1 Bf7 29. Ng3 Kf8 30. Nf5 g6 31. Nxh6 Rxe2+ 32. Rxe2 Be8 33. f4
c5 34. d5 Bc7 35. f5 g5 36. Re6 Be5 37. Be4 Kg7 38. Re7+ Kxh6 39. Rxb7 Rd8 40.
c4 Rd7 41. Rxd7 Bxd7 42. a3 a5 43. b3 Bd4 44. Bd3 Kg7 45. Be4 Kf8 46. Kd3 Ke7
47. b4 axb4 48. axb4 Kd6 49. b5 Bc8 50. Bf3 Ke5 51. Be2 Bb7 52. Bd1 Kf4 53. Be2
Kg3 54. Bd1 Be5 55. Bc2 Bd6 56. Bd1 Kf4 57. Be2 Ke5 {Time forfeit} 0-1

[Event "Rated Blitz game"]
[Site "?"]
[Date "2021.11.15"]
[Round "?"]
[White "AlphaTheBest"]
[Black "ApostolStankov"]
[Result "0-1"]
[WhiteElo "2628"]
[BlackElo "2520"]
[PlyCount "40"]
[EventDate "2021.??.??"]
[EventType "blitz"]

1. e4 e5 2. Nf3 d5 3. Nxe5 Bd6 4. d4 dxe4 5. Nc4 Nf6 6. Be2 Be7 7. O-O O-O 8.
Ne3 Re8 9. c4 Nc6 10. d5 Ne5 11. Nc3 Bd6 12. Nb5 Bc5 13. Nd4 c6 14. Ndc2 cxd5
15. cxd5 h5 16. b4 Bd6 17. Bb2 Nfg4 18. h3 Nxe3 19. Nxe3 Qg5 20. Kh1 Qh4 {
Normal} 0-1

[Event "Rated Blitz game"]
[Site "?"]
[Date "2021.11.15"]
[Round "?"]
[White "DerekJin"]
[Black "soltanovch"]
[Result "1-0"]
[WhiteElo "2431"]
[BlackElo "2292"]
[PlyCount "41"]
[EventDate "2021.??.??"]
[EventType "blitz"]

1. e4 e5 2. Nf3 d5 3. exd5 e4 4. Qe2 Nf6 5. Nc3 Be7 6. Nxe4 O-O 7. d3 Nxd5 8.
Be3 f5 9. Nc3 Bb4 10. O-O-O Nxc3 11. bxc3 Bxc3 12. d4 Qe7 13. Qc4+ Be6 14. Qxc3
Kh8 15. Bc4 c6 16. Rhe1 Bxc4 17. Qxc4 Qa3+ 18. Kb1 Na6 19. Qb3 Qd6 20. Bd2 b5
21. Ne5 {Normal} 1-0

[Event "Rated Blitz game"]
[Site "?"]
[Date "2021.11.14"]
[Round "?"]
[White "RobertT74"]
[Black "Fletov"]
[Result "0-1"]
[WhiteElo "2407"]
[BlackElo "2362"]
[PlyCount "28"]
[EventDate "2021.??.??"]
[EventType "blitz"]

1. e4 e5 2. Nf3 d5 3. d4 dxe4 4. Nxe5 Bd6 5. Bc4 Bxe5 6. dxe5 Qxd1+ 7. Kxd1 Nc6
8. Bf4 Nge7 9. Bg3 Bf5 10. Nc3 O-O-O+ 11. Ke2 Nd4+ 12. Ke3 Nxc2+ 13. Kf4 Nxa1
14. Rxa1 Bg6 {Normal} 0-1

[Event "Rated Blitz tournament fenQq7xO"]
[Site "?"]
[Date "2021.11.14"]
[Round "?"]
[White "Sergejs_Klimakovs"]
[Black "Maltinho"]
[Result "0-1"]
[WhiteElo "2516"]
[BlackElo "2589"]
[PlyCount "52"]
[EventDate "2021.??.??"]
[EventType "blitz"]

1. e4 e5 2. Nf3 d5 3. exd5 Bd6 4. Nc3 Nf6 5. Bc4 e4 6. Nd4 O-O 7. Qe2 Bg4 8.
Qe3 Re8 9. O-O Bh5 10. h3 c5 11. Nf5 Bg6 12. Nxd6 Qxd6 13. b3 a6 14. Bb2 b5 15.
Be2 Nbd7 16. Qg3 Ne5 17. a4 b4 18. Nd1 Qxd5 19. Ne3 Qe6 20. Nc4 Nc6 21. a5 Rad8
22. Ne3 Nd4 23. Bc4 Qc6 24. Kh2 Nh5 25. Qg5 h6 26. Qxg6 Qxg6 {Normal} 0-1

[Event "Rated Blitz tournament 5KIiPxn9"]
[Site "?"]
[Date "2021.11.14"]
[Round "?"]
[White "lyxxj"]
[Black "Frutek"]
[Result "0-1"]
[WhiteElo "2572"]
[BlackElo "2519"]
[PlyCount "148"]
[EventDate "2021.??.??"]
[EventType "blitz"]

1. e4 e5 2. Nf3 d5 3. exd5 e4 4. Qe2 Nf6 5. d3 Bf5 6. Nd4 Bg6 7. c4 Bc5 8. Nb3
Bb4+ 9. Bd2 Bxd2+ 10. N1xd2 O-O 11. d4 b6 12. O-O-O c5 13. dxc5 bxc5 14. Nb1
Nbd7 15. Nc3 a5 16. a4 Qb6 17. Nb5 Rfe8 18. Qe3 Rab8 19. h3 Ne5 20. Be2 Nd3+
21. Kb1 Nd7 22. Ka2 Qf6 23. Bxd3 exd3 24. Qf3 Qxf3 25. gxf3 Re2 26. Rd2 Nb6 27.
Rxe2 dxe2 28. Nxc5 Nxc4 29. Re1 Re8 30. d6 Bf5 31. d7 Rf8 32. Rxe2 Nb6 33. Rd2
Rd8 34. Nb7 Rxd7 35. Rxd7 Bxd7 36. Nxa5 Nxa4 37. Nd4 Nc5 38. b4 Ne6 39. Nxe6
Bxe6+ 40. Kb2 Bxh3 41. Kc3 Bg2 42. Nc4 Bxf3 43. Ne5 Ba8 44. Kd4 h5 45. Ke3 Kh7
46. b5 Kh6 47. b6 f6 48. Nd7 h4 49. Kf4 g5+ 50. Kg4 Bb7 51. Nxf6 Bc8+ 52. Kf3
Kg6 53. Ke3 Kxf6 54. f4 g4 55. Ke4 Bb7+ 56. Ke3 Kf5 57. Kf2 Kxf4 58. Kg1 Kg3
59. Kf1 h3 60. Kg1 h2+ 61. Kf1 h1=Q+ 62. Ke2 Qc6 63. Kd3 Qxb6 64. Kc3 Bf3 65.
Kc4 Kf4 66. Kd3 Qe3+ 67. Kc4 Be2+ 68. Kd5 Qd3+ 69. Ke6 Qb5 70. Kf6 Qe5+ 71. Kf7
Qd6 72. Ke8 Ke5 73. Kf7 Qf6+ 74. Kg8 Qe7 {Time forfeit} 0-1

[Event "Rated Blitz game"]
[Site "?"]
[Date "2021.11.14"]
[Round "?"]
[White "quizlet"]
[Black "Roberto_Baggio1978"]
[Result "0-1"]
[WhiteElo "2435"]
[BlackElo "2547"]
[PlyCount "32"]
[EventDate "2021.??.??"]
[EventType "blitz"]

1. e4 e5 2. Nf3 d5 3. exd5 e4 4. Nd4 Qxd5 5. Ne2 Nf6 6. Nbc3 Qe5 7. d4 exd3 8.
Qxd3 Bf5 9. Qe3 Nc6 10. Qxe5+ Nxe5 11. Nd4 Bg6 12. Bf4 Bd6 13. O-O-O O-O-O 14.
Kb1 Neg4 15. Bxd6 Rxd6 16. Rd2 c5 {Normal} 0-1

[Event "Rated Blitz tournament gC6uzu0p"]
[Site "?"]
[Date "2021.11.14"]
[Round "?"]
[White "Yonatango"]
[Black "goldenstatewarrior"]
[Result "1-0"]
[WhiteElo "2439"]
[BlackElo "2518"]
[PlyCount "83"]
[EventDate "2021.??.??"]
[EventType "blitz"]

1. e4 e5 2. Nf3 d5 3. d4 dxe4 4. Nxe5 Bd6 5. Nc4 Be7 6. Nc3 Be6 7. Ne3 Nf6 8.
Bb5+ c6 9. Be2 Nbd7 10. O-O O-O 11. f3 exf3 12. Bxf3 Nb6 13. b3 Qd7 14. Bb2
Rad8 15. Ne2 Rfe8 16. Qd2 Bd6 17. c4 Bb8 18. Rae1 Qc7 19. g3 h5 20. Nf4 h4 21.
Qg2 a5 22. d5 cxd5 23. Bxd5 Nfxd5 24. Nfxd5 Nxd5 25. Nxd5 Bxd5 26. cxd5 Rxe1
27. Rxe1 Qc5+ 28. Kh1 h3 29. Qxh3 Qxd5+ 30. Qg2 Ba7 31. Re8+ Kh7 32. Rxd8 Qxd8
33. Qe4+ Kg8 34. Bc3 Qd1+ 35. Kg2 Qg1+ 36. Kh3 Qf1+ 37. Kh4 Qa6 38. Qe8+ Kh7
39. Qe4+ g6 40. Qe5 g5+ 41. Kh5 Qh6+ 42. Kg4 {Time forfeit} 1-0

[Event "Rated Blitz game"]
[Site "?"]
[Date "2021.11.14"]
[Round "?"]
[White "posoplyam"]
[Black "King_bg03"]
[Result "1-0"]
[WhiteElo "2761"]
[BlackElo "2732"]
[PlyCount "59"]
[EventDate "2021.??.??"]
[EventType "blitz"]

1. e4 e5 2. Nf3 d5 3. Nxe5 Bd6 4. d4 dxe4 5. Nc4 Nf6 6. Nc3 Bb4 7. Be2 O-O 8.
O-O Bf5 9. Bg5 Nbd7 10. Ne3 Bg6 11. Ncd5 Be7 12. Nxe7+ Qxe7 13. c4 Rad8 14. Qb3
b6 15. Qb5 Qd6 16. Rfd1 a6 17. Qxa6 Ra8 18. c5 bxc5 19. Qxd6 cxd6 20. dxc5 dxc5
21. a4 Rfb8 22. Nc4 Nb6 23. b3 Bh5 24. Bxh5 Nxh5 25. Nd6 e3 26. Bxe3 Nd7 27.
Nb5 Rb7 28. Rac1 Rc8 29. Nd6 Rbc7 30. Nxc8 {Normal} 1-0

[Event "Rated Blitz game"]
[Site "?"]
[Date "2021.11.14"]
[Round "?"]
[White "youareagmharry"]
[Black "Jomajo"]
[Result "0-1"]
[WhiteElo "2737"]
[BlackElo "2648"]
[PlyCount "138"]
[EventDate "2021.??.??"]
[EventType "blitz"]

1. e4 e5 2. Nf3 d5 3. d4 dxe4 4. Nxe5 Bd6 5. Bc4 Bxe5 6. Qh5 Qe7 7. Qxe5 Qxe5
8. dxe5 Nc6 9. Bf4 Nge7 10. Nc3 Bf5 11. e6 fxe6 12. Bxc7 Rc8 13. Nb5 O-O 14.
Bd6 Rfd8 15. O-O-O a6 16. Nc3 Na5 17. Bxe6+ Bxe6 18. Bxe7 Re8 19. Bb4 Nc6 20.
Bd6 Bg4 21. Rd2 e3 22. fxe3 Rxe3 23. h3 Bh5 24. Bf4 Re7 25. Nd5 Rf7 26. Bd6 Bg6
27. b4 h6 28. Kb2 Kh7 29. c4 Be4 30. Re1 Bg6 31. Ree2 Rf1 32. Nc3 Rf7 33. Rf2
Rd7 34. a3 Rcd8 35. c5 Ne5 36. Na4 Nc4+ 37. Kc3 Nxd2 38. Rxd2 Rf7 39. Nb6 Rf1
40. a4 Ra1 41. b5 axb5 42. axb5 Rb1 43. Kc4 Bf7+ 44. Nd5 b6 45. Kd4 bxc5+ 46.
Kxc5 Rc1+ 47. Kb4 Rxd6 48. b6 Bxd5 49. Rb2 Rxb6+ 50. Ka3 Rxb2 51. Kxb2 Rg1 52.
Kc3 Rxg2 53. Kd4 Rg3 54. Ke5 Rxh3 55. Kf4 Rh5 56. Ke3 Rg5 57. Kf4 Kg6 58. Ke3
Be6 59. Kf4 Bf5 60. Ke3 Kf6 61. Kf3 g6 62. Kf2 Rg4 63. Kf3 h5 64. Kf2 h4 65.
Ke2 h3 66. Kf2 h2 67. Ke3 h1=Q 68. Kf2 Qh3 69. Ke1 Rg2 {Normal} 0-1

[Event "Rated Blitz tournament fenQq7xO"]
[Site "?"]
[Date "2021.11.14"]
[Round "?"]
[White "Bulanov_Brest"]
[Black "Maltinho"]
[Result "1-0"]
[WhiteElo "2446"]
[BlackElo "2595"]
[PlyCount "129"]
[EventDate "2021.??.??"]
[EventType "blitz"]

1. e4 e5 2. Nf3 d5 3. Nxe5 Bd6 4. d4 dxe4 5. Bc4 Bxe5 6. dxe5 Qxd1+ 7. Kxd1 Nc6
8. Bf4 Nge7 9. Bg3 Ng6 10. Re1 Bf5 11. Nd2 Ncxe5 12. Nxe4 O-O-O+ 13. Bd3 Bxe4
14. Rxe4 f5 15. Rxe5 f4 16. Re4 fxg3 17. hxg3 Rhf8 18. f4 Nh8 19. Kd2 Nf7 20.
Rae1 Nd6 21. Re5 c6 22. Kc1 Kc7 23. Bxh7 Rd7 24. Bd3 b6 25. b3 Rh8 26. a4 Rh2
27. R1e2 Rh1+ 28. Kb2 Rg1 29. Re7 a5 30. g4 Kd8 31. Rxd7+ Kxd7 32. g5 Rf1 33.
g3 Rg1 34. Re3 c5 35. g6 Rh1 36. g4 Rh4 37. Rg3 Rh1 38. f5 Rh2 39. f6 Rh8 40.
fxg7 Rg8 41. Rh3 Rxg7 42. Rh7 Rxh7 43. gxh7 Nf7 44. Bf5+ Ke7 45. Kc3 Kf6 46.
Kc4 Kg5 47. Kb5 c4 48. bxc4 Nh8 49. Kxb6 Kf6 50. c5 Kg5 51. c6 Nf7 52. c7 Nd6
53. Kc6 Nc4 54. c8=Q Ne5+ 55. Kd5 Nf3 56. Qg8+ Kf4 57. h8=Q Nd2 58. Qd4+ Kf3
59. Qxd2 Kg3 60. c4 Kh4 61. c5 Kg3 62. c6 Kh4 63. Qgg5+ Kg3 64. Qgf4+ Kh3 65.
Qdh2# {Normal} 1-0

[Event "Rated Blitz game"]
[Site "?"]
[Date "2021.11.14"]
[Round "?"]
[White "josamson"]
[Black "specialprize4u"]
[Result "0-1"]
[WhiteElo "2400"]
[BlackElo "2370"]
[PlyCount "78"]
[EventDate "2021.??.??"]
[EventType "blitz"]

1. e4 e5 2. Nf3 d5 3. exd5 e4 4. Ng1 Nf6 5. Nc3 Be7 6. Bc4 O-O 7. Nge2 a6 8. a3
b5 9. Bb3 Nbd7 10. O-O Nc5 11. Ba2 Bb7 12. Ng3 Nxd5 13. Ncxe4 Nxe4 14. Nxe4 Nf4
15. Qg4 Bxe4 16. Qxf4 Bxc2 17. d4 Bd6 18. Qf3 Qd7 19. Be3 Rae8 20. Rac1 Be4 21.
Qd1 c6 22. f3 Bg6 23. Bf2 Bf4 24. Rc5 Bd6 25. Rc3 a5 26. Qc1 b4 27. axb4 axb4
28. Rxc6 Bf4 29. Qc4 Bd3 30. Qxd3 Qxc6 31. Bb1 g6 32. d5 Qd6 33. g3 Be5 34. Qb3
Bg7 35. Rd1 Re2 36. Bd4 Bxd4+ 37. Rxd4 Qc5 38. Kf1 Rxh2 39. Qxb4 Qc1+ {Normal}
0-1